000 00334nam a22001457a 4500
008 210308b ||||| |||| 00| 0 eng d
020 _a9780323016254
041 _aeng
080 _23rd
_a616
082 _a616
100 _a9
101 _aPAT
245 _aComprehensive Radiographic Pathology
_cEisenberd, R.L
942 _2udc
_cBK
999 _c55952
_d55952